Größte Handelspartner - Türkei - Statistiken

Allgemein
  • Dieses Quiz wurde 189 mal gespielt
  • Das Durchschnittsergebnis liegt bei 16 aus 22
Antwortstatistiken
Exporte Importe Land % Korrekt
19.3 mil 21.8 mil Deutschland
99%
5.78 mil 29.0 mil Russland
97%
32.3 mil China
94%
14.7 mil 13.1 mil Vereinigte Staaten
94%
9.13 mil 7.93 mil Frankreich
92%
9.63 mil 6.31 mil Spanien
88%
11.4 mil 11.6 mil Italien
83%
7.94 mil Indien
80%
13.7 mil 5.56 mil Vereinigtes Königreich
80%
4.39 mil Japan
78%
11.1 mil Irak
71%
4.52 mil Ägypten
64%
4.67 mil 3.64 mil Polen
64%
4.52 mil Ukraine
62%
6.77 mil 4.51 mil Niederlande
59%
7.60 mil Süd Korea
57%
3.83 mil Brasilien
56%
3.95 mil Bulgarien
56%
4.90 mil 5.63 mil Belgien
55%
6.36 mil Israel
51%
5.18 mil Rumänien
48%
5.49 mil Vereinigte Arabische Emirate
35%
Keine übereinstimmenden Quizze gefunden
Verteilung der Resultate
Anzahl Personen mit jedem Resultat
Perzentil nach korrekt beantworteten Fragen
Ihre Resultats-Entwicklung
Sie haben dieses Quiz noch nicht gespielt